000 00816cab a22001935a 4500
001 L137469
008 070410s2006 xxko f 000 0 eng d
035 _a(Sirsi) u137469
041 0 _aeng
100 1 _aRoberts, Chris
245 0 0 _aSurveying residential apartments
260 _c2006
490 _aNews on the Block
_v(30) 2006, 23-24(2)
520 _aArgues that, although newly built blocks of flats are increasingly system built, with few constructional defects, a professional survey is still necessary. Typical problems with apartment construction are poorly detailed parapets with inadequate copings, inadequate provision of rainwater goods and defective toilet cistern overflow pipes.
590 _aKA
651 4 _aUnited Kingdom
_y
690 _aBUILT ENVIRONMENT-BUILDING INSPECTION
942 _n0
999 _c78618
_d78618